Statistics for Districts of Brno

Click here to take the quiz!

General Stats

  • This quiz has been taken 91 times
  • The average score is 26 of 48

Answer Stats

Answer% Correct
Královo Pole
95%
Bystrc
89%
Komín
88%
Židenice
86%
Bohunice
82%
Líšeň
82%
Řečkovice
80%
Starý Lískovec
80%
Nový Lískovec
77%
Lesná
75%
Černovice
73%
Slatina
71%
Tuřany
70%
Komárov
66%
Medlánky
66%
Černá Pole
64%
Kohoutovice
64%
Maloměřice
63%
Žabovřesky
63%
Obřany
59%
Staré Brno
57%
Veveří
57%
Horní Heršpice
55%
Dolní Heršpice
54%
Ivanovice
54%
Jundrov
54%
Pisárky
54%
Žebětín
54%
Husovice
52%
Zábrdovice
52%
Štýřice
48%
Kníničky
46%
Soběšice
45%
Útěchov
43%
Chrlice
41%
Trnitá
39%
Bosonohy
38%
Mokrá Hora
38%
Ořešín
36%
Brno-město
34%
Ponava
30%
Stránice
29%
Holásky
27%
Jehnice
27%
Přízřenice
25%
Brněnské Ivanovice
23%
Sadová
20%
Dvorska
18%

Score Distribution

Percentile by Number Answered

Percent of People with Each Score

Your Score History

You have not taken this quiz